00566nab a2200169 uc450000100070000000500170000700800410002403500110006503500210007604000130009704100080011010000410011824500580015965000370021765000200025477301220027462884520240201134542.0001009e19991231 spa  a628845 a(OCoLC)819846035 ccomduadb aspa10aGomez Margulis, Juan Pablo4auteaut13aLa identidad logos-eon en el pensamiento de Heraclito aHeráclito 535 a. C.- 484 a. C. aPresocráticos0 tRevista de Filosofía (Santiago de Chile)gVolumen 53-54, Enero-Diciembre 1999, p. 105-120w119837x0034-8236071812